[Event "PMPJ 2022 - C17"]
[Site "Jastrzebia Gora"]
[Date "2022.11.08"]
[Round "4.4"]
[White "Zeissel, Andrzej"]
[Black "Kotowicz, Kamil"]
[Result "1/2-1/2"]
[BlackElo "1775"]
[WhiteElo "1654"]
[LiveChessVersion "1.4.8"]

1. e4 {[%clk 1:30:55]} e6 {[%clk 1:30:30]} 2. d4 {[%clk 1:31:21]} d5
{[%clk 1:30:45]} 3. Nc3 {[%clk 1:31:47]} dxe4 {[%clk 1:30:30]} 4. Nxe4
{[%clk 1:32:14]} Nd7 {[%clk 1:30:51]} 5. Bd3 {[%clk 1:32:36]} Ngf6
{[%clk 1:31:14]} 6. Qe2 {[%clk 1:33:00]} Be7 {[%clk 1:31:08]} 7. Nf3
{[%clk 1:33:07]} Nxe4 {[%clk 1:30:20]} 8. Bxe4 {[%clk 1:33:31]} O-O
{[%clk 1:29:26]} 9. c3 {[%clk 1:31:55]} Nf6 {[%clk 1:29:13]} 10. Bc2
{[%clk 1:31:39]} b6 {[%clk 1:28:11]} 11. Bg5 {[%clk 1:25:34]} Bb7
{[%clk 1:23:15]} 12. O-O {[%clk 1:21:50]} c5 {[%clk 1:18:51]} 13. Rad1
{[%clk 1:17:25]} Qc7 {[%clk 1:18:05]} 14. Bxf6 {[%clk 1:11:05]} Bxf6
{[%clk 1:17:43]} 15. Be4 {[%clk 1:11:17]} Rfd8 {[%clk 1:15:07]} 16. dxc5
{[%clk 1:04:57]} bxc5 {[%clk 1:13:49]} 17. Rd2 {[%clk 0:58:19]} Rxd2
{[%clk 1:11:42]} 18. Nxd2 {[%clk 0:58:43]} Rd8 {[%clk 1:11:07]} 19. Bxb7
{[%clk 0:56:00]} Qxb7 {[%clk 1:11:20]} 20. Ne4 {[%clk 0:48:52]} Qd5
{[%clk 1:06:24]} 21. Nxf6+ {[%clk 0:37:20]} gxf6 {[%clk 1:06:48]} 22. Qg4+
{[%clk 0:33:33]} Qg5 {[%clk 1:03:13]} 23. Qxg5+ {[%clk 0:32:58]} fxg5
{[%clk 1:01:32]} 24. f3 {[%clk 0:33:22]} Rd2 {[%clk 0:59:54]} 25. Rf2
{[%clk 0:33:45]} Rd1+ {[%clk 1:00:20]} 26. Rf1 {[%clk 0:34:12]} Rd2
{[%clk 1:00:47]} 27. Rf2 {[%clk 0:34:39]} Rd1+ {[%clk 1:01:10]} 28. Rf1
{[%clk 0:35:04]} Rd2 1/2-1/2

[Event "PMPJ 2022 - C17"]
[Site "Jastrzebia Gora"]
[Date "2022.11.08"]
[Round "4.5"]
[White "Mikula, Maciej"]
[Black "Pieczulis, Blazej"]
[Result "0-1"]
[BlackElo "1693"]
[WhiteElo "1748"]
[LiveChessVersion "1.4.8"]

1. e4 e5 2. Nc3 Nc6 3. Bc4 Nf6 4. d3 Bb4 5. Bd2 d6 6. a3 Ba5 7. Nge2 Be6 8. Bxe6
fxe6 9. O-O O-O 10. Ng3 Qd7 11. b4 Bb6 12. Na4 d5 13. Nxb6 axb6 14. b5 Ne7 15. c4
c5 16. a4 Rfd8 17. Bg5 Ng6 18. Bxf6 gxf6 19. Nh5 Qf7 20. f4 exf4 21. Nxf4 dxe4
22. Qg4 f5 23. Qg3 exd3 24. Nxd3 Qg7 25. Rad1 Rxa4 26. Qg5 Rd4 27. Qg3 Raxc4 28.
Qb8+ Nf8 29. Ne5 Rc2 30. g3 Qh6 31. h4 Qe3+ 32. Kh1 Rxh4+ 0-1

[Event "PMPJ 2022 - C17"]
[Site "Jastrzebia Gora"]
[Date "2022.11.08"]
[Round "4.6"]
[White "Maciaszek, Karol"]
[Black "Madajczak, Piotr"]
[Result "0-1"]
[BlackElo "1902"]
[WhiteElo "1631"]
[LiveChessVersion "1.4.8"]

1. e4 {[%clk 1:30:56]} c5 {[%clk 1:30:53]} 2. Be2 {[%clk 1:31:11]} Nc6
{[%clk 1:30:30]} 3. f4 {[%clk 1:30:07]} g6 {[%clk 1:29:09]} 4. Nf3
{[%clk 1:29:56]} Bg7 {[%clk 1:29:14]} 5. O-O {[%clk 1:29:03]} e6 {[%clk 1:29:06]}
6. d3 Nge7 {[%clk 1:24:26]} 7. Nbd2 {[%clk 1:17:45]} d6 {[%clk 1:23:21]} 8. c3
{[%clk 1:15:16]} O-O {[%clk 1:22:39]} 9. Qe1 {[%clk 1:13:40]} b5 {[%clk 1:16:41]}
10. Qh4 {[%clk 1:08:45]} b4 {[%clk 1:04:44]} 11. Ng5 {[%clk 0:55:21]} h6
{[%clk 1:05:02]} 12. Ngf3 {[%clk 0:55:46]} bxc3 {[%clk 1:02:52]} 13. bxc3
{[%clk 0:54:44]} Rb8 {[%clk 0:54:09]} 14. Nb3 {[%clk 0:48:54]} f5
{[%clk 0:36:34]} 15. Bd2 {[%clk 0:43:18]} c4 {[%clk 0:22:00]} 16. Nbd4
{[%clk 0:31:19]} Nxd4 {[%clk 0:14:15]} 17. cxd4 {[%clk 0:29:32]} Ba6
{[%clk 0:11:45]} 18. Bd1 c3 {[%clk 0:06:59]} 19. Bxc3 {[%clk 0:21:42]} Bxd3
{[%clk 0:07:27]} 20. Bb3 {[%clk 0:20:14]} Rxb3 {[%clk 0:07:56]} 21. axb3
{[%clk 0:20:36]} Bxf1 {[%clk 0:08:20]} 22. Kxf1 {[%clk 0:19:06]} fxe4
{[%clk 0:08:41]} 23. Rxa7 {[%clk 0:11:15]} Nc8 {[%clk 0:07:52]} 24. Rxg7+
{[%clk 0:11:23]} Kxg7 {[%clk 0:08:20]} 25. d5+ {[%clk 0:11:42]} e5
{[%clk 0:02:01]} 26. Qxd8 {[%clk 0:11:16]} Rxd8 {[%clk 0:02:29]} 27. Nd2
{[%clk 0:11:26]} Rf8 {[%clk 0:02:51]} 28. g3 {[%clk 0:11:33]} Nb6
{[%clk 0:00:44]} 29. Nxe4 {[%clk 0:12:00]} Nxd5 {[%clk 0:01:08]} 30. Bb2
{[%clk 0:12:18]} Kg8 {[%clk 0:01:08]} 31. Ba3 {[%clk 0:10:50]} exf4
{[%clk 0:00:54]} 32. Bxd6 {[%clk 0:11:18]} Re8 {[%clk 0:01:17]} 33. Nc5
{[%clk 0:10:30]} fxg3 {[%clk 0:00:50]} 34. hxg3 {[%clk 0:10:33]} Kf7
{[%clk 0:00:57]} 35. Kf2 {[%clk 0:10:25]} Rd8 {[%clk 0:01:05]} 36. Be5
{[%clk 0:10:21]} Nb4 {[%clk 0:01:12]} 37. Bf4 {[%clk 0:05:43]} g5
{[%clk 0:00:51]} 38. Be3 {[%clk 0:06:12]} Nd3+ {[%clk 0:01:12]} 39. Nxd3
{[%clk 0:06:40]} Rxd3 {[%clk 0:01:36]} 40. b4 {[%clk 0:07:04]} Rb3
{[%clk 0:02:02]} 41. Bc5 {[%clk 0:06:38]} Ke6 {[%clk 0:01:12]} 42. Kg2
{[%clk 0:06:47]} Kf5 {[%clk 0:01:34]} 43. Bd6 {[%clk 0:06:29]} Kg4
{[%clk 0:01:56]} 44. Kh2 {[%clk 0:05:42]} Rb2+ {[%clk 0:02:18]} 45. Kh1
{[%clk 0:06:11]} h5 {[%clk 0:01:54]} 46. Kg1 {[%clk 0:05:53]} Kf3
{[%clk 0:02:18]} 47. Kh1 {[%clk 0:05:59]} g4 {[%clk 0:02:16]} 48. Kg1
{[%clk 0:04:37]} h4 {[%clk 0:02:38]} 49. Kh1 {[%clk 0:03:31]} hxg3
{[%clk 0:01:47]} 50. Bc5 {[%clk 0:03:56]} Rb1+ {[%clk 0:02:06]} 51. Bg1
{[%clk 0:04:18]} g2+ {[%clk 0:02:27]} 52. Kh2 {[%clk 0:04:46]} g3+
{[%clk 0:02:52]} 0-1

[Event "PMPJ 2022 - C17"]
[Site "Jastrzebia Gora"]
[Date "2022.11.08"]
[Round "4.7"]
[White "Kossowski, Pawel"]
[Black "Dysko, Michal"]
[Result "1/2-1/2"]
[BlackElo "1554"]
[WhiteElo "1773"]
[LiveChessVersion "1.4.8"]

1. e4 {[%clk 1:30:59]} e5 {[%clk 1:30:44]} 2. Nf3 {[%clk 1:31:19]} Nf6
{[%clk 1:30:57]} 3. Nxe5 {[%clk 1:30:50]} d6 {[%clk 1:31:18]} 4. Nf3
{[%clk 1:30:51]} Nxe4 {[%clk 1:31:39]} 5. Nc3 {[%clk 1:31:13]} Nxc3
{[%clk 1:32:01]} 6. dxc3 {[%clk 1:31:35]} Be7 {[%clk 1:32:09]} 7. Bf4
{[%clk 1:31:06]} O-O {[%clk 1:31:58]} 8. Qd2 {[%clk 1:30:00]} Nd7
{[%clk 1:31:36]} 9. O-O-O {[%clk 1:29:17]} Nc5 {[%clk 1:31:30]} 10. Bc4
{[%clk 1:21:56]} c6 {[%clk 0:58:53]} 11. Bxd6 Qxd6 {[%clk 0:58:28]} 12. Qxd6
{[%clk 1:11:49]} Bxd6 {[%clk 0:58:13]} 13. Rxd6 {[%clk 1:12:10]} Ne4
{[%clk 0:58:24]} 14. Rd4 {[%clk 1:10:49]} Nxf2 {[%clk 0:58:36]} 15. Re1
{[%clk 1:01:47]} b5 {[%clk 0:47:23]} 16. Bb3 {[%clk 0:56:33]} c5 {[%clk 0:26:18]}
17. Rd2 {[%clk 0:55:57]} c4 {[%clk 0:25:45]} 18. Bxc4 {[%clk 0:55:21]} bxc4
{[%clk 0:26:07]} 19. Rxf2 {[%clk 0:55:45]} Be6 {[%clk 0:24:05]} 20. Re4
{[%clk 0:48:42]} Rac8 {[%clk 0:21:21]} 21. Rd2 {[%clk 0:40:26]} Rfd8
{[%clk 0:18:06]} 22. Red4 {[%clk 0:40:27]} Rxd4 {[%clk 0:17:33]} 23. Rxd4
{[%clk 0:40:29]} g6 {[%clk 0:17:17]} 24. Kd2 {[%clk 0:39:58]} Kg7
{[%clk 0:16:53]} 25. Ng5 {[%clk 0:39:09]} Rc7 {[%clk 0:11:55]} 26. Nxe6+
{[%clk 0:38:51]} fxe6 {[%clk 0:12:24]} 27. Ke3 {[%clk 0:38:50]} a5
{[%clk 0:10:58]} 28. g4 {[%clk 0:35:49]} h6 {[%clk 0:10:47]} 29. h4
{[%clk 0:35:50]} g5 {[%clk 0:10:27]} 30. h5 {[%clk 0:35:45]} Kf6 {[%clk 0:10:11]}
31. Ke4 {[%clk 0:32:53]} Ke7 {[%clk 0:10:03]} 32. Rd2 {[%clk 0:29:19]} Rc5
{[%clk 0:06:57]} 33. Kd4 {[%clk 0:27:16]} Rd5+ {[%clk 0:07:25]} 34. Ke3
{[%clk 0:27:35]} Re5+ {[%clk 0:07:18]} 35. Kf2 {[%clk 0:27:12]} Rc5
{[%clk 0:06:36]} 36. Rd4 {[%clk 0:27:17]} Rc7 {[%clk 0:05:08]} 37. Re4
{[%clk 0:26:48]} Kd6 {[%clk 0:01:23]} 38. Ke2 {[%clk 0:26:19]} Rc5
{[%clk 0:01:00]} 39. Re3 {[%clk 0:26:13]} a4 {[%clk 0:00:48]} 40. b4
{[%clk 0:25:52]} axb3 {[%clk 0:00:51]} 41. axb3 {[%clk 0:25:46]} cxb3
{[%clk 0:00:38]} 42. cxb3 {[%clk 0:26:11]} Ra5 {[%clk 0:00:37]} 43. Kd3
{[%clk 0:25:46]} Ra1 {[%clk 0:00:39]} 44. b4 {[%clk 0:22:39]} Rg1
{[%clk 0:00:39]} 45. Re4 {[%clk 0:22:36]} Kd5 {[%clk 0:00:34]} 46. c4+
{[%clk 0:22:36]} Kd6 {[%clk 0:01:03]} 47. b5 {[%clk 0:21:38]} Rg3+
{[%clk 0:00:35]} 48. Ke2 {[%clk 0:20:07]} Rc3 {[%clk 0:00:35]} 49. Kd2
{[%clk 0:20:27]} Rg3 {[%clk 0:00:45]} 50. Kc2 {[%clk 0:19:38]} e5
{[%clk 0:00:38]} 51. Kd2 {[%clk 0:19:20]} Kc5 {[%clk 0:00:33]} 52. Ke2
{[%clk 0:16:31]} Kd6 {[%clk 0:00:36]} 53. Kf2 {[%clk 0:16:16]} Rc3
{[%clk 0:00:58]} 54. Kg2 {[%clk 0:15:25]} Rc2+ {[%clk 0:01:09]} 55. Kf3
{[%clk 0:15:27]} Rc3+ {[%clk 0:01:33]} 56. Kf2 {[%clk 0:15:39]} Rc2+
{[%clk 0:01:36]} 57. Ke3 {[%clk 0:16:01]} Rc3+ {[%clk 0:02:05]} 58. Kd2
{[%clk 0:16:17]} Rg3 {[%clk 0:02:33]} 59. Kc2 {[%clk 0:15:51]} Ke6
{[%clk 0:00:34]} 60. b6 {[%clk 0:15:55]} Kd6 {[%clk 0:00:35]} 61. c5+
{[%clk 0:15:02]} Kxc5 {[%clk 0:00:31]} 62. b7 {[%clk 0:15:21]} Rg2+
{[%clk 0:00:53]} 63. Kd3 {[%clk 0:11:09]} Rb2 {[%clk 0:00:35]} 64. Rxe5+
{[%clk 0:11:35]} Kd6 {[%clk 0:00:42]} 65. Ra5 {[%clk 0:11:57]} Rxb7
{[%clk 0:00:36]} 66. Ra6+ {[%clk 0:12:21]} Ke7 {[%clk 0:00:55]} 67. Ke4
{[%clk 0:11:33]} Rb4+ {[%clk 0:00:31]} 68. Kf5 {[%clk 0:11:55]} Rf4+
{[%clk 0:00:38]} 69. Kg6 {[%clk 0:12:16]} Rxg4 {[%clk 0:00:49]} 70. Kxh6
{[%clk 0:12:18]} Kf7 {[%clk 0:00:33]} 71. Ra7+ {[%clk 0:12:16]} Kg8
{[%clk 0:00:38]} 72. Kg6 {[%clk 0:11:41]} Rf4 {[%clk 0:00:31]} 73. h6
{[%clk 0:12:05]} Rf8 {[%clk 0:00:31]} 74. Kxg5 {[%clk 0:12:12]} Rb8
{[%clk 0:00:39]} 75. Ra6 {[%clk 0:12:04]} Rc8 {[%clk 0:00:34]} 76. Kg6
{[%clk 0:12:27]} Rb8 {[%clk 0:00:41]} 77. Kf6 {[%clk 0:12:17]} Kh7
{[%clk 0:00:35]} 78. Kf7 {[%clk 0:12:02]} Rb7+ {[%clk 0:00:48]} 79. Kf8
{[%clk 0:12:11]} Rb1 {[%clk 0:00:38]} 80. Rf6 {[%clk 0:12:02]} Rb8+
{[%clk 0:00:50]} 1/2-1/2

[Event "PMPJ 2022 - C17"]
[Site "Jastrzebia Gora"]
[Date "2022.11.08"]
[Round "4.8"]
[White "Rychlik, Michal"]
[Black "Sternik, Piotr"]
[Result "0-1"]
[BlackElo "1726"]
[WhiteElo "1604"]
[LiveChessVersion "1.4.8"]

1. d4 {[%clk 1:30:53]} Nf6 {[%clk 1:30:38]} 2. c4 {[%clk 1:31:07]} c5
{[%clk 1:31:04]} 3. d5 {[%clk 1:31:16]} b5 {[%clk 1:31:05]} 4. Nd2
{[%clk 1:28:14]} d6 {[%clk 1:19:45]} 5. e4 {[%clk 1:28:18]} bxc4 {[%clk 1:19:26]}
6. Bxc4 {[%clk 1:28:34]} g6 {[%clk 1:19:34]} 7. b3 {[%clk 1:28:12]} Bg7
{[%clk 1:19:55]} 8. Bb2 {[%clk 1:28:38]} Nbd7 {[%clk 1:16:00]} 9. Ngf3
{[%clk 1:28:40]} O-O {[%clk 1:14:52]} 10. O-O {[%clk 1:28:50]} a5
{[%clk 1:14:24]} 11. Re1 {[%clk 1:25:07]} Nb6 {[%clk 1:12:10]} 12. Qc2
{[%clk 1:11:44]} a4 {[%clk 1:10:36]} 13. Rad1 {[%clk 1:09:49]} axb3
{[%clk 1:10:32]} 14. Bxb3 {[%clk 1:08:35]} Ba6 {[%clk 1:08:39]} 15. Nc4
{[%clk 1:04:11]} Nxc4 {[%clk 0:59:09]} 16. Bxc4 {[%clk 1:04:14]} Bxc4
{[%clk 0:59:16]} 17. Qxc4 {[%clk 1:04:41]} Qa5 {[%clk 0:59:15]} 18. Ra1
{[%clk 0:54:27]} Rfb8 {[%clk 0:58:05]} 19. Bc3 {[%clk 0:53:44]} Qa6
{[%clk 0:57:45]} 20. Nd2 {[%clk 0:53:10]} Qxc4 {[%clk 0:57:10]} 21. Nxc4
{[%clk 0:53:37]} Ra4 {[%clk 0:57:35]} 22. Na5 {[%clk 0:52:43]} Ra3
{[%clk 0:57:27]} 23. Nc6 {[%clk 0:52:06]} Rb7 {[%clk 0:56:27]} 24. Bxf6
{[%clk 0:50:18]} Bxf6 {[%clk 0:55:53]} 25. e5 {[%clk 0:50:16]} dxe5
{[%clk 0:55:20]} 26. Nxe5 {[%clk 0:50:06]} Bxe5 {[%clk 0:51:41]} 27. Rxe5
{[%clk 0:50:31]} Rxa2 {[%clk 0:51:59]} 28. Rc1 {[%clk 0:47:31]} Rd2
{[%clk 0:51:54]} 29. g3 {[%clk 0:46:29]} f6 {[%clk 0:52:20]} 30. Re4
{[%clk 0:43:26]} Rxd5 {[%clk 0:52:45]} 31. Kg2 {[%clk 0:43:51]} Kf7
{[%clk 0:53:08]} 0-1

[Event "PMPJ 2022 - C17"]
[Site "Jastrzebia Gora"]
[Date "2022.11.08"]
[Round "4.9"]
[White "Choina, Jan"]
[Black "Wesolek, Krzysztof"]
[Result "1-0"]
[BlackElo "1667"]
[WhiteElo "1554"]
[LiveChessVersion "1.4.8"]

1. e4 {[%clk 1:30:57]} e5 {[%clk 1:30:56]} 2. Nf3 {[%clk 1:31:17]} Nf6
{[%clk 1:31:22]} 3. Bc4 {[%clk 1:31:13]} Nxe4 {[%clk 1:31:43]} 4. Nc3
{[%clk 1:30:54]} Nxc3 {[%clk 1:32:06]} 5. dxc3 {[%clk 1:31:17]} f6
{[%clk 1:32:17]} 6. O-O {[%clk 1:31:17]} Qe7 {[%clk 1:26:22]} 7. Re1
{[%clk 1:30:42]} d6 {[%clk 1:19:14]} 8. Nd4 {[%clk 1:14:10]} Nc6 {[%clk 1:14:05]}
9. b4 {[%clk 1:03:45]} g6 {[%clk 1:07:46]} 10. b5 {[%clk 0:45:56]} Nxd4
{[%clk 1:03:05]} 11. cxd4 {[%clk 0:45:44]} Bg7 {[%clk 1:02:45]} 12. dxe5
{[%clk 0:37:27]} fxe5 {[%clk 0:56:09]} 13. Qd5 {[%clk 0:29:50]} g5
{[%clk 0:16:15]} 14. f4 {[%clk 0:21:16]} gxf4 {[%clk 0:16:06]} 15. Bxf4
{[%clk 0:21:38]} Rf8 {[%clk 0:09:35]} 16. Bg3 {[%clk 0:21:14]} Rb8
{[%clk 0:08:40]} 17. Rf1 {[%clk 0:20:06]} Bf5 {[%clk 0:08:25]} 18. Rf3
{[%clk 0:15:34]} Bxc2 {[%clk 0:04:47]} 19. Raf1 {[%clk 0:15:17]} Bg6
{[%clk 0:02:52]} 20. Bh4 {[%clk 0:00:49]} Qxh4 {[%clk 0:01:02]} 21. Qe6+
{[%clk 0:00:51]} Qe7 {[%clk 0:01:04]} 22. Rxf8+ {[%clk 0:01:03]} Bxf8
{[%clk 0:00:46]} 23. Rxf8+ {[%clk 0:01:20]} 1-0

[Event "PMPJ 2022 - C17"]
[Site "Jastrzebia Gora"]
[Date "2022.11.08"]
[Round "4.10"]
[White "Krasniewski, Szymon"]
[Black "Jozefik, Aleksander"]
[Result "1-0"]
[BlackElo "1616"]
[WhiteElo "1645"]
[LiveChessVersion "1.4.8"]

1. d4 {[%clk 1:30:56]} Nf6 {[%clk 1:30:46]} 2. c4 {[%clk 1:31:21]} e6
{[%clk 1:31:11]} 3. Nf3 {[%clk 1:31:47]} b6 {[%clk 1:31:20]} 4. g3
{[%clk 1:32:12]} Ba6 {[%clk 1:31:27]} 5. b3 {[%clk 1:32:05]} Bb7 {[%clk 1:30:29]}
6. Bg2 {[%clk 1:32:29]} Bb4+ {[%clk 1:30:25]} 7. Bd2 {[%clk 1:32:51]} a5
{[%clk 1:30:20]} 8. O-O {[%clk 1:33:11]} O-O {[%clk 1:30:05]} 9. a3
{[%clk 1:31:57]} Be7 {[%clk 1:27:51]} 10. Nc3 {[%clk 1:32:13]} d5
{[%clk 1:24:17]} 11. Ne5 {[%clk 1:27:20]} Nc6 {[%clk 1:16:41]} 12. Nxc6
{[%clk 1:25:33]} Bxc6 {[%clk 1:17:05]} 13. Qc2 {[%clk 1:19:35]} Qd7
{[%clk 1:09:40]} 14. cxd5 {[%clk 1:14:07]} exd5 {[%clk 1:07:10]} 15. a4
{[%clk 1:10:24]} Rfe8 {[%clk 1:02:42]} 16. Rfe1 {[%clk 1:10:29]} Rad8
{[%clk 0:58:48]} 17. Rad1 {[%clk 1:09:59]} Bb4 {[%clk 0:56:44]} 18. Bg5
{[%clk 1:01:51]} Qe6 {[%clk 0:48:23]} 19. e3 {[%clk 0:54:28]} Bb7
{[%clk 0:36:33]} 20. Re2 {[%clk 0:48:27]} Bxc3 {[%clk 0:21:12]} 21. Bxf6
{[%clk 0:47:49]} Qxf6 {[%clk 0:21:33]} 22. Qxc3 {[%clk 0:48:11]} c5
{[%clk 0:21:32]} 23. Rc2 {[%clk 0:43:26]} Qg6 {[%clk 0:08:41]} 24. dxc5
{[%clk 0:31:34]} bxc5 {[%clk 0:07:55]} 25. Rcd2 {[%clk 0:30:26]} Qb6
{[%clk 0:02:41]} 26. Bxd5 {[%clk 0:29:25]} Rb8 {[%clk 0:02:43]} 27. Bxf7+
{[%clk 0:21:01]} Kxf7 {[%clk 0:02:21]} 28. Rd7+ {[%clk 0:21:26]} Ke6
{[%clk 0:00:38]} 29. Qc4+ {[%clk 0:19:23]} 1-0

[Event "PMPJ 2022 - C17"]
[Site "Jastrzebia Gora"]
[Date "2022.11.08"]
[Round "4.11"]
[White "Lis, Maksymilian"]
[Black "Raba, Bartosz"]
[Result "1-0"]
[BlackElo "1896"]
[WhiteElo "1684"]
[LiveChessVersion "1.4.8"]

1. d4 {[%clk 1:30:39]} Nf6 {[%clk 1:30:07]} 2. Nf3 {[%clk 1:30:33]} d5
{[%clk 1:30:16]} 3. b3 {[%clk 1:30:40]} Bf5 {[%clk 1:25:47]} 4. Bb2
{[%clk 1:30:19]} e6 {[%clk 1:25:51]} 5. e3 {[%clk 1:29:48]} Nbd7 {[%clk 1:24:49]}
6. Nbd2 {[%clk 1:28:42]} Bd6 {[%clk 1:24:05]} 7. Be2 {[%clk 1:28:13]} O-O
{[%clk 1:23:45]} 8. O-O {[%clk 1:24:39]} c6 {[%clk 1:19:13]} 9. c4
{[%clk 1:10:52]} Ne4 {[%clk 1:15:02]} 10. Nxe4 {[%clk 0:55:21]} Bxe4
{[%clk 1:09:43]} 11. Bd3 {[%clk 0:48:27]} f5 {[%clk 1:05:12]} 12. Ne5
{[%clk 0:35:37]} Rf6 {[%clk 0:57:09]} 13. f4 {[%clk 0:32:33]} Bxe5
{[%clk 0:54:13]} 14. fxe5 {[%clk 0:31:15]} Rh6 {[%clk 0:52:33]} 15. Bxe4
{[%clk 0:28:59]} fxe4 {[%clk 0:51:15]} 16. Qe2 {[%clk 0:24:30]} Qg5
{[%clk 0:43:07]} 17. Ba3 {[%clk 0:20:36]} Rh3 {[%clk 0:29:50]} 18. g3
{[%clk 0:19:02]} Nf8 {[%clk 0:21:54]} 19. Bxf8 {[%clk 0:15:15]} Rxf8
{[%clk 0:22:21]} 20. Rxf8+ {[%clk 0:15:34]} Kxf8 {[%clk 0:22:49]} 21. Qf1+
{[%clk 0:15:52]} Qf5 {[%clk 0:23:16]} 22. Qxf5+ {[%clk 0:15:31]} exf5
{[%clk 0:23:44]} 23. cxd5 {[%clk 0:15:44]} Rh6 {[%clk 0:22:58]} 24. d6
{[%clk 0:13:27]} Ke8 {[%clk 0:20:26]} 25. Rf1 {[%clk 0:12:30]} Rh5
{[%clk 0:20:22]} 26. Rf4 {[%clk 0:12:16]} h6 {[%clk 0:19:49]} 27. h4
{[%clk 0:11:41]} Kd7 {[%clk 0:19:40]} 28. Kg2 {[%clk 0:11:34]} Ke6
{[%clk 0:18:37]} 29. Kh3 {[%clk 0:10:41]} g5 {[%clk 0:18:22]} 30. Rf1
{[%clk 0:10:05]} a6 {[%clk 0:17:39]} 31. b4 {[%clk 0:08:49]} g4+ {[%clk 0:17:13]}
32. Kg2 {[%clk 0:09:11]} Kd7 {[%clk 0:17:38]} 33. a4 {[%clk 0:09:07]} Ke6
{[%clk 0:17:51]} 34. a5 {[%clk 0:09:01]} Kd7 {[%clk 0:18:09]} 35. Rf4
{[%clk 0:09:25]} Ke6 {[%clk 0:18:28]} 36. Kf2 {[%clk 0:09:45]} Kd7
{[%clk 0:18:15]} 37. Ke2 {[%clk 0:10:10]} 1-0

[Event "PMPJ 2022 - C17"]
[Site "Jastrzebia Gora"]
[Date "2022.11.08"]
[Round "4.12"]
[White "Rzenca, Jerzy"]
[Black "Kulig, Pawel"]
[Result "1/2-1/2"]
[BlackElo "1887"]
[WhiteElo "1631"]
[LiveChessVersion "1.4.8"]

1. c4 {[%clk 1:30:51]} c5 {[%clk 1:30:47]} 2. g3 {[%clk 1:31:16]} g6
{[%clk 1:31:13]} 3. Bg2 {[%clk 1:31:42]} Bg7 {[%clk 1:31:37]} 4. Nc3
{[%clk 1:32:06]} Nc6 {[%clk 1:31:54]} 5. a3 {[%clk 1:31:52]} e5 {[%clk 1:31:38]}
6. Rb1 {[%clk 1:29:27]} a5 {[%clk 1:30:22]} 7. b3 {[%clk 1:29:35]} d6
{[%clk 1:30:23]} 8. Bb2 {[%clk 1:28:07]} Nge7 {[%clk 1:30:22]} 9. e3
{[%clk 1:27:25]} O-O {[%clk 1:30:10]} 10. Nge2 {[%clk 1:27:50]} Kh8
{[%clk 1:28:42]} 11. O-O {[%clk 1:26:34]} f5 {[%clk 1:26:18]} 12. d4
{[%clk 1:18:36]} cxd4 {[%clk 1:24:02]} 13. exd4 {[%clk 1:18:57]} f4
{[%clk 1:22:52]} 14. f3 {[%clk 1:14:28]} Nf5 {[%clk 1:12:37]} 15. Nd5
{[%clk 1:06:07]} Nce7 {[%clk 1:11:17]} 16. dxe5 {[%clk 0:55:37]} Nxd5
{[%clk 1:03:36]} 17. Qxd5 {[%clk 0:56:01]} Ne3 {[%clk 1:03:27]} 18. Qxd6
{[%clk 0:56:26]} Nxf1 {[%clk 1:03:46]} 19. Kxf1 {[%clk 0:55:49]} Bf5
{[%clk 1:01:26]} 20. Rd1 {[%clk 0:49:28]} Bc2 {[%clk 1:00:59]} 21. Qxd8
{[%clk 0:47:51]} Rfxd8 {[%clk 1:00:41]} 22. Rxd8+ {[%clk 0:47:57]} Rxd8
{[%clk 1:01:01]} 23. b4 {[%clk 0:48:26]} axb4 {[%clk 0:56:51]} 24. axb4
{[%clk 0:48:51]} fxg3 {[%clk 0:57:14]} 25. hxg3 {[%clk 0:49:02]} Bd3
{[%clk 0:48:06]} 26. c5 {[%clk 0:48:42]} Bc4 {[%clk 0:46:31]} 27. Bc3
{[%clk 0:44:22]} Bd5 {[%clk 0:38:38]} 28. f4 {[%clk 0:44:10]} Bxg2+
{[%clk 0:34:54]} 29. Kxg2 {[%clk 0:44:14]} Rd3 {[%clk 0:34:40]} 30. Bd4
{[%clk 0:42:05]} Rb3 {[%clk 0:31:53]} 31. Bc3 {[%clk 0:42:27]} Kg8
{[%clk 0:30:48]} 32. Kf2 {[%clk 0:41:12]} h5 {[%clk 0:21:46]} 33. Be1
{[%clk 0:32:03]} Rd3 {[%clk 0:20:27]} 34. Nc3 {[%clk 0:29:42]} Bf8
{[%clk 0:19:23]} 35. Ne4 {[%clk 0:25:56]} Be7 {[%clk 0:18:49]} 36. Ke2
{[%clk 0:25:17]} Rb3 {[%clk 0:16:40]} 37. Nd6 {[%clk 0:20:49]} Bxd6
{[%clk 0:16:56]} 38. exd6 {[%clk 0:19:06]} Kf7 {[%clk 0:16:49]} 39. Kf2
{[%clk 0:17:08]} Ke6 {[%clk 0:15:38]} 40. Kg2 {[%clk 0:15:59]} Re3
{[%clk 0:15:22]} 41. Kf2 {[%clk 0:16:26]} Rb3 {[%clk 0:15:44]} 42. Kg2
{[%clk 0:16:52]} Rb1 {[%clk 0:16:06]} 43. Kf2 {[%clk 0:15:54]} b6
{[%clk 0:14:43]} 44. Bc3 {[%clk 0:12:58]} bxc5 {[%clk 0:13:00]} 45. bxc5
{[%clk 0:13:13]} Rd1 {[%clk 0:12:47]} 46. Ke3 {[%clk 0:09:19]} Rg1
{[%clk 0:11:34]} 47. Kf2 {[%clk 0:09:22]} Rc1 {[%clk 0:11:44]} 48. Bd4
{[%clk 0:09:45]} Rc4 {[%clk 0:11:32]} 49. Be3 {[%clk 0:10:04]} Kd7
{[%clk 0:09:59]} 50. Kf3 {[%clk 0:10:09]} Ke6 {[%clk 0:09:15]} 1/2-1/2